000 00406nam a2200145Ia 4500
008 100204s9999 xx 000 0 und d
082 _b5432
100 _aआफळे सुनिती
245 _aकेवडा
260 _b"आरती प्रकाशन, डोंबिवली"
_c1983
300 _a164
630 _aकेवडा
730 _aकेवडा
942 _cBOOK
999 _c450018
_d450015